<?xml version="1.0" encoding="UTF-8"?>
<record
    xmlns:xsi="http://www.w3.org/2001/XMLSchema-instance"
    xsi:schemaLocation="http://www.loc.gov/MARC21/slim http://www.loc.gov/standards/marcxml/schema/MARC21slim.xsd"
    xmlns="http://www.loc.gov/MARC21/slim">

  <leader>00900cam a22002651  4500</leader>
  <controlfield tag="001">sa 68014927 </controlfield>
  <controlfield tag="003">DLC</controlfield>
  <controlfield tag="005">20260227112637.0</controlfield>
  <controlfield tag="008">900302s1962    ii       b    000 0 sano </controlfield>
  <datafield tag="010" ind1=" " ind2=" ">
    <subfield code="a">sa 68014927 </subfield>
  </datafield>
  <datafield tag="035" ind1=" " ind2=" ">
    <subfield code="a">(OCoLC)21159993</subfield>
  </datafield>
  <datafield tag="040" ind1=" " ind2=" ">
    <subfield code="a">DLC</subfield>
    <subfield code="c">WaU</subfield>
    <subfield code="d">DLC</subfield>
  </datafield>
  <datafield tag="050" ind1="0" ind2="0">
    <subfield code="a">PK3798</subfield>
    <subfield code="b">.V75 1962</subfield>
  </datafield>
  <datafield tag="130" ind1="0" ind2=" ">
    <subfield code="a">V&#x12B;&#x1E47;&#x101;v&#x101;savadatta.</subfield>
  </datafield>
  <datafield tag="245" ind1="1" ind2="4">
    <subfield code="a">The V&#x12B;&#x1E47;&#x101;v&#x101;savadatta.</subfield>
    <subfield code="c">Rev. fuller ed. by K. V. Sarma. With a pref. by V. Raghavan.</subfield>
  </datafield>
  <datafield tag="260" ind1=" " ind2=" ">
    <subfield code="a">Madras,</subfield>
    <subfield code="b">Kuppuswami Sastri Research Institute,</subfield>
    <subfield code="c">[1962]</subfield>
  </datafield>
  <datafield tag="300" ind1=" " ind2=" ">
    <subfield code="a">vii, 18, 142, 3 p.</subfield>
    <subfield code="c">25 cm.</subfield>
  </datafield>
  <datafield tag="500" ind1=" " ind2=" ">
    <subfield code="a">Sometimes ascribed to &#x15A;udraka.</subfield>
  </datafield>
  <datafield tag="500" ind1=" " ind2=" ">
    <subfield code="a">A play.</subfield>
  </datafield>
  <datafield tag="500" ind1=" " ind2=" ">
    <subfield code="a">In Sanskrit; introductory matter in English.</subfield>
  </datafield>
  <datafield tag="504" ind1=" " ind2=" ">
    <subfield code="a">Bibliographical footnotes</subfield>
  </datafield>
  <datafield tag="600" ind1="0" ind2="0">
    <subfield code="a">Udayana,</subfield>
    <subfield code="c">King of Udayagiri,</subfield>
    <subfield code="d">active 520 B.C.-493 B.C.</subfield>
    <subfield code="v">Drama.</subfield>
  </datafield>
  <datafield tag="700" ind1="0" ind2=" ">
    <subfield code="a">&#x15A;udraka.</subfield>
  </datafield>
  <datafield tag="700" ind1="1" ind2=" ">
    <subfield code="a">Sarma, K. V.</subfield>
    <subfield code="q">(K. Venkateswara),</subfield>
    <subfield code="d">1919-2005.</subfield>
  </datafield>
  <datafield tag="999" ind1=" " ind2=" ">
    <subfield code="c">86111</subfield>
    <subfield code="d">86111</subfield>
  </datafield>
</record>
